[Event "Rated Blitz tournament IJtbY6RQ"]
[Site "?"]
[Date "2021.04.04"]
[Round "?"]
[White "imdejong"]
[Black "Schachelite"]
[Result "1-0"]
[WhiteElo "2511"]
[BlackElo "2501"]
[PlyCount "101"]
[EventDate "2021.??.??"]
[EventType "blitz"]

1. e4 e5 2. Nf3 d5 3. exd5 e4 4. Qe2 Nf6 5. Nc3 Be7 6. Nxe4 O-O 7. d3 Re8 8.
Qd1 Qxd5 9. Nxf6+ Bxf6+ 10. Be2 c5 11. O-O Nc6 12. Re1 b6 13. c3 Bb7 14. Be3
Rad8 15. Qb3 Qd7 16. Rad1 Ne5 17. Nxe5 Bxe5 18. Bf1 Qc6 19. d4 cxd4 20. Bxd4
Bxd4 21. Rxe8+ Rxe8 22. cxd4 Rd8 23. Qb5 Qe4 24. Qe2 Qc6 25. d5 Qd6 26. Qb5 g6
27. g3 Qe5 28. Bg2 Rd6 29. a4 a5 30. b3 Kg7 31. Qc4 h5 32. Qd4 Qxd4 33. Rxd4
Kf6 34. f4 Ke7 35. Kf2 Ba8 36. Ke3 Rd8 37. d6+ Kd7 38. Bxa8 Rxa8 39. f5 Re8+
40. Kf4 Re2 41. fxg6 fxg6 42. h4 Re6 43. Kg5 Re3 44. Kxg6 Rxb3 45. g4 hxg4 46.
h5 Rh3 47. Rxg4 Kxd6 48. h6 Kc6 49. h7 Rh1 50. Rg5 Rh2 51. Kg7 {Normal} 1-0

[Event "Rated Blitz game"]
[Site "?"]
[Date "2021.04.04"]
[Round "?"]
[White "sM1Ley"]
[Black "King_bg03"]
[Result "1/2-1/2"]
[WhiteElo "2226"]
[BlackElo "2484"]
[PlyCount "138"]
[EventDate "2021.??.??"]
[EventType "blitz"]

1. e4 e5 2. Nf3 d5 3. exd5 Bd6 4. Nc3 Nf6 5. Bb5+ Bd7 6. Qe2 O-O 7. Bxd7 Nbxd7
8. d3 h6 9. O-O Re8 10. Be3 Bb4 11. a3 Bxc3 12. bxc3 Nxd5 13. c4 N5f6 14. Rab1
e4 15. Nd4 b6 16. Nc6 Qc8 17. dxe4 Nxe4 18. Qd3 Ndc5 19. Bxc5 Nxc5 20. Qf3 Qe6
21. h3 Qxc4 22. Ne7+ Kh7 23. Rb4 Qe6 24. Nd5 Rac8 25. Rf4 Kg8 26. Rd1 c6 27.
Ne3 Rcd8 28. Rxd8 Rxd8 29. Nf5 Qe1+ 30. Kh2 Qe5 31. Qg4 Ne6 32. Nxh6+ Kf8 33.
Nxf7 Qxf4+ 34. Qxf4 Nxf4 35. Nxd8 c5 36. Nc6 Ne2 37. Nxa7 Nd4 38. Nc8 b5 39.
Nb6 Nxc2 40. Nd7+ Ke7 41. Nxc5 Nxa3 42. Kg3 Kd6 43. Nb3 Kd5 44. Kf3 Kc4 45.
Nd2+ Kc3 46. Ke2 b4 47. f4 Nc4 48. Nb1+ Kc2 49. f5 Kxb1 50. g4 b3 51. g5 Ne5
52. h4 b2 53. h5 Kc2 54. f6 gxf6 55. g6 Nf7 56. gxf7 b1=Q 57. f8=Q Qd1+ 58. Ke3
Qe1+ 59. Kf4 Qh4+ 60. Kf5 Qg5+ 61. Ke6 Qe5+ 62. Kf7 Qxh5+ 63. Kxf6 Qf3+ 64. Kg7
Qc3+ 65. Kf7 Qc6 66. Qe7 Kd3 67. Qd8+ Ke4 68. Qe8+ Kd5 69. Qxc6+ Kxc6 {Normal}
1/2-1/2

[Event "Rated Blitz game"]
[Site "?"]
[Date "2021.04.04"]
[Round "?"]
[White "NormWeinstein"]
[Black "SerialDrinker"]
[Result "1/2-1/2"]
[WhiteElo "2425"]
[BlackElo "2252"]
[PlyCount "127"]
[EventDate "2021.??.??"]
[EventType "blitz"]

1. e4 e5 2. Nf3 d5 3. d4 dxe4 4. Nxe5 Bd6 5. Bf4 Nf6 6. Be2 O-O 7. O-O Bf5 8.
Nc3 Nbd7 9. f3 exf3 10. Bxf3 c6 11. Nxf7 Rxf7 12. Bxd6 Nb6 13. Be5 Nfd5 14.
Nxd5 Nxd5 15. Qd2 Qd7 16. Kh1 h6 17. Rae1 Bg6 18. c4 Nb6 19. b3 Raf8 20. Qc3
Kh7 21. h3 Bf5 22. Kh2 a6 23. Be2 Nc8 24. Bd3 Ne7 25. Bxf5+ Nxf5 26. Qd3 g6 27.
Rf3 Nh4 28. Rxf7+ Rxf7 29. Re2 c5 30. Qe3 cxd4 31. Qxd4 Qxd4 32. Bxd4 Nf5 33.
Bg1 Rd7 34. g4 Nh4 35. Kg3 g5 36. Bf2 Ng6 37. Be3 Rd3 38. Kf2 Nh4 39. Bc1 Rxh3
40. Be3 Rh2+ 41. Kf1 Rxe2 42. Kxe2 Ng6 43. c5 Kg7 44. Bd4+ Kf7 45. Kd3 Nf4+ 46.
Ke4 h5 47. gxh5 Nxh5 48. b4 Ng3+ 49. Ke5 Ne2 50. b5 axb5 51. Be3 g4 52. Bf2 Nc3
53. Bg3 Nxa2 54. Kd6 Nb4 55. c6 Nxc6 56. Kc5 Nd4 57. Kxd4 Ke6 58. Kc5 Kf5 59.
Kb4 Ke4 60. Bh4 Kf3 61. Kxb5 g3 62. Bxg3 Kxg3 63. Kb6 Kg2 64. Kxb7 {Normal}
1/2-1/2

[Event "Rated Blitz tournament IJtbY6RQ"]
[Site "?"]
[Date "2021.04.04"]
[Round "?"]
[White "Kostik72"]
[Black "Schachelite"]
[Result "0-1"]
[WhiteElo "2228"]
[BlackElo "2466"]
[PlyCount "47"]
[EventDate "2021.??.??"]
[EventType "blitz"]

1. e4 e5 2. Nf3 d5 3. d4 dxe4 4. Nxe5 Bd6 5. Bf4 Nf6 6. Nc3 O-O 7. Be2 Nbd7 8.
Nxd7 Bxd7 9. Bxd6 cxd6 10. O-O Qe7 11. Re1 d5 12. Qd2 Rac8 13. h3 a6 14. Qg5 h6
15. Qe5 Qb4 16. Nxd5 Nxd5 17. Qxd5 Bc6 18. Qc4 Qxb2 19. Rab1 Qa3 20. d5 Ba4 21.
Qxe4 Qxa2 22. Rxb7 Bxc2 23. Bd3 Bxd3 24. Qxd3 {Normal} 0-1

[Event "Rated Blitz game"]
[Site "?"]
[Date "2021.04.04"]
[Round "?"]
[White "Doppelbauer01"]
[Black "annaly1979"]
[Result "1-0"]
[WhiteElo "2520"]
[BlackElo "2364"]
[PlyCount "77"]
[EventDate "2021.??.??"]
[EventType "blitz"]

1. e4 e5 2. Nf3 d5 3. exd5 e4 4. Qe2 f5 5. d3 Nf6 6. Nc3 Bb4 7. dxe4 Bxc3+ 8.
bxc3 fxe4 9. c4 O-O 10. Nd4 c5 11. Nb3 b6 12. Be3 a5 13. Qd1 a4 14. Nd2 Bg4 15.
Be2 Bf5 16. O-O Nbd7 17. Rb1 Qe8 18. Re1 Qg6 19. Nf1 Rfb8 20. Ng3 Ne5 21. h3
Bd7 22. Kh2 a3 23. Qd2 Ra4 24. Qc3 Re8 25. Rb3 b5 26. cxb5 Nxd5 27. Qxc5 Nxe3
28. Qxe3 Be6 29. Rxa3 Rxa3 30. Qxa3 Bf7 31. Bh5 Qf6 32. Bxf7+ Qxf7 33. Rxe4
Qxf2 34. Qb3+ Kh8 35. b6 h5 36. b7 Qa7 37. Rxe5 Rxe5 38. b8=Q+ Qxb8 39. Qxb8+ {
Normal} 1-0

[Event "Rated Blitz tournament rxbHeuAe"]
[Site "?"]
[Date "2021.04.04"]
[Round "?"]
[White "AGG2020"]
[Black "cuerosky"]
[Result "0-1"]
[WhiteElo "2508"]
[BlackElo "2226"]
[PlyCount "38"]
[EventDate "2021.??.??"]
[EventType "blitz"]

1. e4 e5 2. Nf3 d5 3. exd5 e4 4. Qe2 Nf6 5. d3 Bb4+ 6. Bd2 O-O 7. Bxb4 exf3 8.
Qxf3 Re8+ 9. Kd2 Nxd5 10. Bc3 Qg5+ 11. Kd1 Bg4 12. Be2 Bxf3 13. Bxf3 Nc6 14. h4
Qf5 15. Be4 Nxc3+ 16. Nxc3 Qxf2 17. Re1 Nd4 18. Rc1 f5 19. Bd5+ Kh8 {Normal}
0-1

[Event "Rated Blitz tournament axmQ9HMN"]
[Site "?"]
[Date "2021.04.04"]
[Round "?"]
[White "Pecaturotokotok"]
[Black "percakupa"]
[Result "0-1"]
[WhiteElo "2458"]
[BlackElo "2263"]
[PlyCount "104"]
[EventDate "2021.??.??"]
[EventType "blitz"]

1. e4 e5 2. Nf3 d5 3. Nxe5 dxe4 4. d4 Be6 5. Bc4 Bxc4 6. Nxc4 Nf6 7. O-O Bd6 8.
Re1 O-O 9. Bg5 Re8 10. Nbd2 Be7 11. c3 Nbd7 12. Bxf6 Nxf6 13. Nxe4 Nxe4 14.
Rxe4 Qd5 15. Nd2 Bg5 16. Qf3 c6 17. Rxe8+ Rxe8 18. Qxd5 cxd5 19. Nf3 Bf6 20.
Re1 Rc8 21. Kf1 g5 22. h3 Kg7 23. Re3 Rc4 24. Ke2 b5 25. Kd3 b4 26. Re8 bxc3
27. bxc3 Ra4 28. Rc8 Rxa2 29. Nd2 Ra5 30. Nb3 Ra2 31. Nd2 Ra5 32. Nb3 Rb5 33.
Nc5 Rb2 34. Rc7 Rxf2 35. Rxa7 Rxg2 36. Rd7 Rg3+ 37. Kc2 Rxh3 38. Rxd5 g4 39.
Rd7 g3 40. Ne6+ Kg8 41. Nf4 Rh2+ 42. Kd3 g2 43. Ne2 Rh1 44. c4 g1=Q 45. Nxg1
Rxg1 46. c5 Rc1 47. Rd6 Kg7 48. c6 h5 49. d5 h4 50. Kd2 Bg5+ 51. Kd3 h3 52. Rd7
h2 {Normal} 0-1

[Event "Rated Blitz game"]
[Site "?"]
[Date "2021.04.04"]
[Round "?"]
[White "Dark32"]
[Black "AlaEldin"]
[Result "1-0"]
[WhiteElo "2429"]
[BlackElo "2260"]
[PlyCount "89"]
[EventDate "2021.??.??"]
[EventType "blitz"]

1. e4 e5 2. Nf3 d5 3. exd5 e4 4. Qe2 Nf6 5. d3 Qxd5 6. Nbd2 Be7 7. dxe4 Qd8 8.
h3 O-O 9. Qe3 b6 10. Bd3 Bc5 11. Qe2 Re8 12. O-O Nc6 13. c3 Bb7 14. b4 Bd6 15.
Nc4 Ne5 16. Ncxe5 Bxe5 17. Nxe5 Rxe5 18. Bf4 Bxe4 19. Bxe5 Bxd3 20. Bxf6 Bxe2
21. Bxd8 Bxf1 22. Bxc7 Bc4 23. a4 Rc8 24. Be5 Re8 25. Bd4 Re7 26. a5 b5 27. a6
f6 28. Bc5 Rd7 29. Re1 Kf7 30. f3 Rd2 31. Re7+ Kg6 32. Rxa7 Ra2 33. Ra8 Bd5 34.
Rd8 Bc6 35. a7 Kf5 36. Rd6 Bb7 37. Rb6 Bd5 38. Rxb5 Bc4 39. Rb7 g5 40. b5 h5
41. b6 g4 42. hxg4+ hxg4 43. fxg4+ Kxg4 44. Rg7+ Kf5 45. b7 {Normal} 1-0

[Event "Rated Blitz game"]
[Site "?"]
[Date "2021.04.04"]
[Round "?"]
[White "sM1Ley"]
[Black "King_bg03"]
[Result "0-1"]
[WhiteElo "2227"]
[BlackElo "2483"]
[PlyCount "80"]
[EventDate "2021.??.??"]
[EventType "blitz"]

1. e4 e5 2. Nf3 d5 3. exd5 e4 4. Qe2 Nf6 5. Nc3 Be7 6. Nxe4 O-O 7. d4 Nxe4 8.
Qxe4 Bb4+ 9. c3 Re8 10. Ne5 Bd6 11. Bd3 g6 12. O-O f6 13. f4 Bf5 14. Qf3 Bxd3
15. Nxd3 Nd7 16. f5 g5 17. Bd2 Qe7 18. Rae1 Qf7 19. Re6 Nf8 20. Nc5 Nxe6 21.
fxe6 Qg6 22. Ne4 Rf8 23. c4 Be7 24. g4 Rad8 25. Ng3 c6 26. Nf5 Rfe8 27. Bc3
cxd5 28. cxd5 Bd6 29. Nxd6 Rxd6 30. Bb4 Rb6 31. a3 a5 32. Bc5 Rxb2 33. d6 Qc2
34. Rf2 Qb1+ 35. Kg2 Rxf2+ 36. Qxf2 Qe4+ 37. Qf3 Qxe6 38. Qxb7 Qe2+ 39. Kg3
Re3+ 40. Qf3 Rxf3# {Normal} 0-1

[Event "Rated Blitz game"]
[Site "?"]
[Date "2021.04.04"]
[Round "?"]
[White "Ricardo_Gardener"]
[Black "Grimlock_Glasgow"]
[Result "1/2-1/2"]
[WhiteElo "2463"]
[BlackElo "2574"]
[PlyCount "147"]
[EventDate "2021.??.??"]
[EventType "blitz"]

1. e4 e5 2. Nf3 d5 3. exd5 Bd6 4. d4 e4 5. Ne5 Nf6 6. Bb5+ Nbd7 7. Bg5 O-O 8.
Nxd7 Bxd7 9. Bxd7 Qxd7 10. Bxf6 gxf6 11. Nc3 Bb4 12. O-O Bxc3 13. bxc3 Qxd5 14.
Qg4+ Kh8 15. Qf4 f5 16. Rab1 b6 17. f3 Rae8 18. fxe4 Rxe4 19. Qxf5 Qxf5 20.
Rxf5 Re2 21. Rf2 Re3 22. Rb3 Kg7 23. c4 Rfe8 24. Rxe3 Rxe3 25. Rf3 Re1+ 26. Kf2
Rc1 27. Rc3 f5 28. Kf3 Kf6 29. h3 h5 30. Kf2 h4 31. c5 b5 32. a3 a5 33. d5 Ke5
34. d6 Ke6 35. dxc7 Kd7 36. c6+ Kxc7 37. Rc5 a4 38. Kf3 Rf1+ 39. Ke3 Ra1 40.
Rc3 Rg1 41. Kf2 Rc1 42. Ke3 Rg1 43. Kf2 Rc1 44. Rc5 Ra1 45. Rxb5 Rxa3 46. Rxf5
Rc3 47. Ra5 Rxc2+ 48. Kf3 Rc4 49. Kf2 Kxc6 50. Kg1 Kb6 51. Ra8 Kb5 52. Rb8+ Kc5
53. Ra8 Kb4 54. g4 hxg3 55. Kg2 Rc3 56. h4 Kb3 57. h5 Rc6 58. Kxg3 a3 59. Kg4
Rc4+ 60. Kg5 Ra4 61. Rb8+ Kc2 62. Rc8+ Kd2 63. Rf8 Ke2 64. Rc8 a2 65. Rc2+ Kf3
66. Rxa2 Rxa2 67. h6 Ra5+ 68. Kf6 Kf4 69. h7 Ra6+ 70. Kg7 Ra7+ 71. Kg8 Ra8+ 72.
Kg7 Kg5 73. h8=Q Rxh8 74. Kxh8 {Normal} 1/2-1/2

[Event "Rated Blitz game"]
[Site "?"]
[Date "2021.04.04"]
[Round "?"]
[White "Lynxinner"]
[Black "Zhalmakhanov_R"]
[Result "0-1"]
[WhiteElo "2622"]
[BlackElo "2645"]
[PlyCount "92"]
[EventDate "2021.??.??"]
[EventType "blitz"]

1. e4 e5 2. Nf3 d5 3. exd5 e4 4. Nd4 Nf6 5. Bb5+ Bd7 6. O-O Bc5 7. Bxd7+ Qxd7
8. Nb3 Bd6 9. d4 O-O 10. c4 Qf5 11. h3 Nbd7 12. Nc3 a6 13. Be3 Bb4 14. Ne2 b5
15. Ng3 Qg6 16. Qe2 bxc4 17. Qxc4 Bd6 18. Ne2 Nb6 19. Qc6 Nbxd5 20. Rac1 Nb4
21. Qc4 Nd3 22. Rc2 Rfb8 23. a3 Rb5 24. f4 Rh5 25. Kh1 Ng4 26. Bg1 e3 27. f5
Qh6 28. Rf3 Ndf2+ 29. Bxf2 exf2 30. Rc1 Ne3 31. Qc6 Rf8 32. Nd2 Nxf5 33. Rxf2
Qxd2 34. Qf3 Rg5 35. Rg1 Qe3 36. Rgf1 Qxf3 37. Rxf3 Nh4 38. R3f2 g6 39. Nc3 Nf5
40. Ne4 Ng3+ 41. Nxg3 Rxg3 42. Rc2 Rb3 43. Rc6 Rfb8 44. Rxa6 Rxb2 45. Ra4 Rb1
46. d5 Rxf1# {Normal} 0-1

[Event "Rated Blitz game"]
[Site "?"]
[Date "2021.04.04"]
[Round "?"]
[White "HikoBabaGM"]
[Black "Melladov"]
[Result "0-1"]
[WhiteElo "2534"]
[BlackElo "2595"]
[PlyCount "48"]
[EventDate "2021.??.??"]
[EventType "blitz"]

1. e4 e5 2. Nf3 d5 3. Nxe5 Bd6 4. d4 dxe4 5. Nc4 Nf6 6. Be2 O-O 7. Be3 Nc6 8.
Nxd6 Qxd6 9. O-O Bf5 10. c3 Rad8 11. Nd2 Rfe8 12. h3 Nd5 13. Re1 Nxe3 14. fxe3
Bxh3 15. Bg4 Bxg4 16. Qxg4 Qg6 17. Qf4 Ne5 18. Rf1 c6 19. Rad1 Nd3 20. Qc7 f5
21. Nc4 Rf8 22. Ne5 Qg3 23. Qxb7 Qxe3+ 24. Kh2 Rf6 {Normal} 0-1

[Event "Rated Blitz game"]
[Site "?"]
[Date "2021.04.04"]
[Round "?"]
[White "Sanduleac"]
[Black "Melladov"]
[Result "0-1"]
[WhiteElo "2562"]
[BlackElo "2605"]
[PlyCount "54"]
[EventDate "2021.??.??"]
[EventType "blitz"]

1. e4 e5 2. Nf3 d5 3. exd5 e4 4. Qe2 Nf6 5. Nc3 Be7 6. Nxe4 O-O 7. d3 Nxd5 8.
Qd1 f5 9. Nc3 Nc6 10. Be2 g5 11. O-O g4 12. Ne1 Nd4 13. Nxd5 Qxd5 14. c3 Nxe2+
15. Qxe2 Bd6 16. Nc2 Bd7 17. f4 Rae8 18. Ne3 Bc6 19. Qf2 Qxd3 20. Rd1 Qe4 21.
Rd4 Qe6 22. b4 a5 23. a3 Be7 24. Qa2 Bf6 25. Nxf5 Qxa2 26. Rxa2 Re1+ 27. Kf2
Rxc1 {Normal} 0-1

[Event "Rated Blitz tournament 7FzHayDw"]
[Site "?"]
[Date "2021.04.04"]
[Round "?"]
[White "seksi_cigra"]
[Black "Maltinho"]
[Result "1-0"]
[WhiteElo "2665"]
[BlackElo "2569"]
[PlyCount "45"]
[EventDate "2021.??.??"]
[EventType "blitz"]

1. e4 e5 2. Nf3 d5 3. exd5 Bd6 4. Nc3 f5 5. Bb5+ c6 6. dxc6 Nxc6 7. d4 e4 8. d5
a6 9. dxc6 axb5 10. cxb7 Bxb7 11. Nd4 Bb4 12. O-O Ne7 13. Ndxb5 Qb6 14. Be3 Qc6
15. Qh5+ g6 16. Qh6 Ba6 17. a4 Bxc3 18. bxc3 Rg8 19. Qxh7 g5 20. Rfd1 Bxb5 21.
axb5 Rxa1 22. Rxa1 Qb7 23. Ra7 {Normal} 1-0

[Event "Rated Blitz game"]
[Site "?"]
[Date "2021.04.04"]
[Round "?"]
[White "AlteredCarbon27"]
[Black "Melladov"]
[Result "1-0"]
[WhiteElo "2573"]
[BlackElo "2620"]
[PlyCount "83"]
[EventDate "2021.??.??"]
[EventType "blitz"]

1. e4 e5 2. Nf3 d5 3. exd5 e4 4. Qe2 Nf6 5. Nc3 Be7 6. Nxe4 O-O 7. Nxf6+ Bxf6
8. d4 Qxd5 9. c3 Nc6 10. Be3 Bg4 11. h3 Bh5 12. g4 Bg6 13. Bg2 Rfe8 14. O-O Be4
15. Rfe1 h6 16. b3 Rad8 17. Rad1 Qa5 18. Qd2 g5 19. Nh2 Bxg2 20. Kxg2 Ne5 21.
c4 Qa3 22. Qc1 Qxc1 23. Bxc1 Nc6 24. Rxe8+ Rxe8 25. Nf3 b6 26. Kf1 Nb4 27. a3
Nc2 28. Bb2 c5 29. Rd2 Nxd4 30. Nxd4 cxd4 31. Bxd4 Kg7 32. Bxf6+ Kxf6 33. Rd6+
Ke5 34. Rxh6 Kd4 35. Rf6 Kc3 36. Rxf7 a5 37. Rf3+ Kb2 38. a4 Re6 39. Kg2 Rh6
40. Kg3 Kc2 41. Re3 Kd2 42. Re5 {Normal} 1-0

[Event "Rated Blitz tournament rvQhGadB"]
[Site "?"]
[Date "2021.04.04"]
[Round "?"]
[White "Jomolokkoo"]
[Black "sharkayz"]
[Result "1-0"]
[WhiteElo "2425"]
[BlackElo "2221"]
[PlyCount "87"]
[EventDate "2021.??.??"]
[EventType "blitz"]

1. e4 e5 2. Nf3 d5 3. d4 dxe4 4. Nxe5 Bd6 5. Bf4 Nf6 6. Bc4 O-O 7. O-O Nc6 8.
Nxc6 bxc6 9. Bg5 h6 10. Bh4 Be7 11. Bg3 Bg4 12. Qd2 Rb8 13. c3 Bd6 14. Bh4 Be7
15. h3 Bf5 16. Bb3 Qd7 17. Qe2 Rbe8 18. Re1 Bxh3 19. gxh3 Qxh3 20. Bxf6 Bxf6
21. Qe3 Qf5 22. Qg3 c5 23. d5 Be5 24. Qg2 Rd8 25. Nd2 Rd6 26. Qxe4 Rg6+ 27. Kf1
Qh5 28. Nf3 Bf6 29. d6 cxd6 30. Rad1 Rg4 31. Qd5 Qg6 32. Re3 Rg2 33. Ke2 Bh4
34. Nxh4 Qg4+ 35. Nf3 Rg3 36. fxg3 Qxg3 37. Rf1 Qg2+ 38. Rf2 Qg3 39. Qe4 Qg6
40. Qxg6 Kh8 41. Bxf7 Rg8 42. Rh2 Rf8 43. Rxh6+ gxh6 44. Qxh6# {Normal} 1-0

[Event "Rated Blitz game"]
[Site "?"]
[Date "2021.04.04"]
[Round "?"]
[White "MadatH"]
[Black "blastol"]
[Result "1-0"]
[WhiteElo "2257"]
[BlackElo "2404"]
[PlyCount "93"]
[EventDate "2021.??.??"]
[EventType "blitz"]

1. e4 e5 2. Nf3 d5 3. d4 dxe4 4. Nxe5 Bd6 5. Nc4 f5 6. Nc3 Nf6 7. Bg5 O-O 8.
Nd5 Be7 9. Nxe7+ Qxe7 10. Ne5 Be6 11. Bb5 Nbd7 12. Nxd7 Bxd7 13. Bxd7 Qxd7 14.
Bxf6 Rxf6 15. Qd2 Rb6 16. O-O-O Qd5 17. Kb1 Rd8 18. c3 Ra6 19. b3 Rdd6 20. c4
Qf7 21. d5 Rdb6 22. Qd4 Qe7 23. Rd2 Rb4 24. g4 f4 25. h4 Ra3 26. d6 cxd6 27.
Qxd6 Qxd6 28. Rxd6 Kf7 29. Re1 b5 30. Rxe4 bxc4 31. Rxf4+ Ke7 32. Rdd4 Ra6 33.
Rxc4 Rb7 34. Rfe4+ Kf7 35. f4 Rd6 36. Red4 Re6 37. Rc2 Re1+ 38. Kb2 Rg1 39. g5
Rh1 40. f5 Rf1 41. Rd5 Rh1 42. Rc4 Re7 43. Rcd4 Re2+ 44. Kc3 Rxa2 45. Rd7+ Kf8
46. Rd8+ Ke7 47. R4d7# {Normal} 1-0

[Event "Rated Blitz game"]
[Site "?"]
[Date "2021.04.04"]
[Round "?"]
[White "RXMEN"]
[Black "SerialDrinker"]
[Result "1-0"]
[WhiteElo "2406"]
[BlackElo "2230"]
[PlyCount "77"]
[EventDate "2021.??.??"]
[EventType "blitz"]

1. e4 e5 2. Nf3 d5 3. Nc3 dxe4 4. Nxe5 Bd6 5. Nc4 Nf6 6. Nxd6+ Qxd6 7. Bc4 O-O
8. O-O Be6 9. Bxe6 Qxe6 10. Re1 Qf5 11. Qe2 Re8 12. d3 Nc6 13. dxe4 Qg6 14. f3
Nd4 15. Qf2 c5 16. Be3 Rad8 17. Rad1 Nh5 18. Bxd4 cxd4 19. Rxd4 Rxd4 20. Qxd4
Nf4 21. g3 h5 22. Qe3 Ne6 23. f4 Qf6 24. e5 Qg6 25. Qe4 Qg4 26. Kg2 h4 27. Qf3
h3+ 28. Kf2 Qf5 29. Qe4 Qg4 30. Nd5 Rd8 31. Re2 Qh5 32. c3 Nc5 33. Qc4 b6 34.
b4 Ne6 35. Qe4 g5 36. f5 Rxd5 37. Qxd5 Ng7 38. e6 Qg4 39. exf7+ {Normal} 1-0

[Event "Rated Blitz tournament IJtbY6RQ"]
[Site "?"]
[Date "2021.04.04"]
[Round "?"]
[White "Schachwolf24"]
[Black "Schachelite"]
[Result "0-1"]
[WhiteElo "2386"]
[BlackElo "2449"]
[PlyCount "116"]
[EventDate "2021.??.??"]
[EventType "blitz"]

1. e4 e5 2. Nf3 d5 3. d3 dxe4 4. dxe4 Qxd1+ 5. Kxd1 Bg4 6. Be2 Bc5 7. Be3 Bxe3
8. fxe3 Nd7 9. c3 O-O-O 10. Nbd2 Ne7 11. Kc2 f6 12. h3 Be6 13. Bc4 Bxc4 14.
Nxc4 Nb6 15. Nxb6+ axb6 16. Rad1 Rxd1 17. Kxd1 Rd8+ 18. Ke2 Rd6 19. g4 Kd7 20.
h4 Nc6 21. g5 Ke7 22. gxf6+ Rxf6 23. h5 Rh6 24. Rg1 Kf8 25. Rg5 Re6 26. Rf5+
Rf6 27. Rg5 h6 28. Rg1 Rd6 29. Nh4 Ne7 30. Nf5 Nxf5 31. exf5 e4 32. Rg4 Rd5 33.
Rxe4 Rxf5 34. Rf4 Rxf4 35. exf4 Kf7 36. Kf3 g6 37. Kg4 gxh5+ 38. Kxh5 Kg7 39.
c4 Kh7 40. Kh4 Kg6 41. Kg4 Kf6 42. Kh5 Kg7 43. Kh4 Kg6 44. Kg4 c6 45. f5+ Kf6
46. Kf4 h5 47. b4 b5 48. cxb5 cxb5 49. a3 b6 50. Ke4 h4 51. Kf4 h3 52. Kg3 Kxf5
53. Kxh3 Ke4 54. Kg3 Kd4 55. Kf4 Kc3 56. Ke4 Kb3 57. Kd4 Kxa3 58. Kc3 Ka4 {
Normal} 0-1

[Event "Rated Blitz game"]
[Site "?"]
[Date "2021.04.04"]
[Round "?"]
[White "Shamsutdin"]
[Black "Melladov"]
[Result "0-1"]
[WhiteElo "2483"]
[BlackElo "2594"]
[PlyCount "72"]
[EventDate "2021.??.??"]
[EventType "blitz"]

1. e4 e5 2. Nf3 d5 3. Nxe5 Bd6 4. d4 dxe4 5. Nc4 Nf6 6. Nxd6+ Qxd6 7. Be2 O-O
8. O-O Nc6 9. Be3 Bf5 10. c3 Rfe8 11. Nd2 Rad8 12. Nc4 Qe6 13. h3 Nd5 14. Rc1
b5 15. Nd2 Nxe3 16. fxe3 Bxh3 17. gxh3 Qxh3 18. Rf2 Re6 19. Bg4 Rg6 20. Rg2
Qxe3+ 21. Kh1 Rh6+ 22. Rh2 Rxh2+ 23. Kxh2 Ne5 24. Nf1 Qf2+ 25. Kh1 Rd6 26. Nh2
Rh6 27. Qg1 Nxg4 28. Qxf2 Nxf2+ 29. Kg2 Nd3 30. Rd1 Rg6+ 31. Kf1 Nf4 32. Re1 f5
33. b3 Rg2 34. c4 Rxh2 35. cxb5 Rh1+ 36. Kf2 Nd3+ {Normal} 0-1

[Event "Rated Blitz tournament WuMGoapO"]
[Site "?"]
[Date "2021.04.04"]
[Round "?"]
[White "King_Nilesh"]
[Black "Jenlen3001"]
[Result "0-1"]
[WhiteElo "2267"]
[BlackElo "2462"]
[PlyCount "62"]
[EventDate "2021.??.??"]
[EventType "blitz"]

1. e4 e5 2. Nf3 d5 3. Nxe5 Bd6 4. d4 dxe4 5. Bf4 Nf6 6. Bc4 O-O 7. O-O Nc6 8.
Nxc6 bxc6 9. Bg5 h6 10. Bh4 Rb8 11. Bb3 g5 12. Bg3 Nd5 13. c3 f5 14. Bxd6 cxd6
15. Nd2 Kg7 16. Qh5 Nf6 17. Qe2 d5 18. c4 f4 19. cxd5 cxd5 20. Rac1 Rf7 21. f3
e3 22. Nb1 Qb6 23. Rfd1 Ba6 24. Qe1 Rc7 25. Nc3 Rbc8 26. Bxd5 Rxc3 27. Rxc3
Rxc3 28. Qxc3 Nxd5 29. Qa3 e2 30. Re1 Qxd4+ 31. Kh1 Qb4 {Normal} 0-1

[Event "Rated Blitz tournament ilAshYW8"]
[Site "?"]
[Date "2021.04.04"]
[Round "?"]
[White "ajedrezsinlimites"]
[Black "cuerosky"]
[Result "1/2-1/2"]
[WhiteElo "2529"]
[BlackElo "2249"]
[PlyCount "28"]
[EventDate "2021.??.??"]
[EventType "blitz"]

1. e4 e5 2. Nf3 d5 3. exd5 e4 4. Qe2 Nf6 5. d3 Bb4+ 6. Bd2 O-O 7. dxe4 Re8 8.
e5 Nxd5 9. Bxb4 Nxb4 10. Qc4 N8c6 11. Nbd2 Be6 12. Qc3 Bf5 13. Bd3 Nxd3+ 14.
cxd3 Qxd3 {Normal} 1/2-1/2

[Event "Rated Blitz game"]
[Site "?"]
[Date "2021.04.04"]
[Round "?"]
[White "abdullayev_elshad"]
[Black "pasha1984"]
[Result "0-1"]
[WhiteElo "2409"]
[BlackElo "2392"]
[PlyCount "84"]
[EventDate "2021.??.??"]
[EventType "blitz"]

1. e4 e5 2. Nf3 d5 3. Nxe5 dxe4 4. d4 Bd6 5. Qh5 g6 6. Qe2 f5 7. h4 Nc6 8. Nxc6
bxc6 9. h5 g5 10. h6 Be6 11. Nc3 Bb4 12. Qh5+ Kf8 13. Qxg5 Qxg5 14. Bxg5 Ne7
15. Bf6 Rg8 16. Bg7+ Kf7 17. a3 Bxc3+ 18. bxc3 f4 19. Be2 Nf5 20. Be5 Rxg2 21.
Bxf4 Rag8 22. Kd2 Rxf2 23. Be3 Nxe3 24. Kxe3 Rfg2 25. Raf1+ Ke7 26. Bd1 R8g3+
27. Kxe4 Bd5+ 28. Kf4 Rg6 29. Rh5 Rf6+ 30. Rf5 Rxh6 31. c4 Rh4+ 32. Ke3 Bxc4
33. R1f4 Rh3+ 34. Bf3 Rgg3 35. Re5+ Kd7 36. Kf2 Bd5 37. Bxd5 cxd5 38. Rf7+ Kd6
39. Rf6+ Kd7 40. Rf7+ Kc8 41. Rff5 Rg2+ 42. Kf1 Rc3 {Time forfeit} 0-1

[Event "Rated Blitz game"]
[Site "?"]
[Date "2021.04.03"]
[Round "?"]
[White "MagistrchessRu"]
[Black "Schachelite"]
[Result "0-1"]
[WhiteElo "2461"]
[BlackElo "2466"]
[PlyCount "92"]
[EventDate "2021.??.??"]
[EventType "blitz"]

1. e4 e5 2. Nf3 d5 3. exd5 e4 4. Ne5 Qxd5 5. d4 exd3 6. Nxd3 Nf6 7. Nc3 Qf5 8.
Be3 Be6 9. g3 c6 10. Bg2 Nbd7 11. O-O O-O-O 12. Qf3 Qxf3 13. Bxf3 Kb8 14. Nf4
Bc4 15. Rfd1 Bc5 16. Ne4 Nxe4 17. Bxe4 Bxe3 18. fxe3 Nf6 19. Bf3 Kc7 20. b3 Be6
21. Nxe6+ fxe6 22. c4 e5 23. Kf2 Rxd1 24. Rxd1 Rd8 25. Rxd8 Kxd8 26. g4 g5 27.
Bd1 e4 28. h3 Ke7 29. Ke2 Kd6 30. Kd2 a5 31. Kc3 Ke5 32. a3 c5 33. b4 cxb4+ 34.
axb4 b6 35. bxa5 bxa5 36. Kb3 Kd6 37. Ka4 Kc5 38. Be2 Ne8 39. Kxa5 Nd6 40. Ka6
Nxc4 41. Kb7 Nxe3 42. Kc7 Nd5+ 43. Kd7 Nf4 44. Bf1 e3 45. Ke7 Nxh3 46. Kf6 Kd4
{Normal} 0-1

[Event "Rated Blitz tournament apr21bta"]
[Site "?"]
[Date "2021.04.03"]
[Round "?"]
[White "Nozdrachev_Leonid"]
[Black "KrAKeN_1"]
[Result "1-0"]
[WhiteElo "2324"]
[BlackElo "2503"]
[PlyCount "99"]
[EventDate "2021.??.??"]
[EventType "blitz"]

1. e4 e5 2. Nf3 d5 3. d3 dxe4 4. dxe4 Qxd1+ 5. Kxd1 Nc6 6. Bb5 Bg4 7. Bxc6+
bxc6 8. Ke2 Nf6 9. Nbd2 Bd6 10. b3 O-O-O 11. h3 Be6 12. Bb2 Rhe8 13. Rad1 Nh5
14. g3 f6 15. Nf1 f5 16. Ng5 fxe4 17. Nxe6 Rxe6 18. Nd2 e3 19. Kxe3 Bc5+ 20.
Ke2 Bd4 21. c3 Bb6 22. Ne4 Rf8 23. c4 Nf6 24. Ng5 Ree8 25. Ba3 Rh8 26. c5 h6
27. Nf3 Nd5 28. cxb6 Nc3+ 29. Ke1 Nxd1 30. bxa7 Kb7 31. Kxd1 e4 32. Nd2 e3 33.
fxe3 Rxe3 34. Bc5 Re5 35. b4 Rd8 36. Rh2 Rd3 37. g4 Ra3 38. Nc4 Rd5+ 39. Rd2
Rxd2+ 40. Kxd2 Rxa2+ 41. Kd3 Rh2 42. Na5+ Ka8 43. Nxc6 Rxh3+ 44. Ke4 Rg3 45.
Kf4 Rg2 46. Ne7 g5+ 47. Kf5 Rg3 48. Nd5 Rf3+ 49. Ke6 Kb7 50. Nxc7 {Normal} 1-0

[Event "Rated Blitz game"]
[Site "?"]
[Date "2021.04.03"]
[Round "?"]
[White "korbul"]
[Black "annaly1979"]
[Result "0-1"]
[WhiteElo "2467"]
[BlackElo "2320"]
[PlyCount "48"]
[EventDate "2021.??.??"]
[EventType "blitz"]

1. e4 e5 2. Nf3 d5 3. exd5 e4 4. Qe2 f5 5. d3 Nf6 6. dxe4 fxe4 7. Nc3 Bb4 8.
Qb5+ c6 9. Qxb4 exf3 10. Be3 Nxd5 11. Nxd5 Qxd5 12. gxf3 a5 13. Qc3 Be6 14. Rg1
Nd7 15. Rg5 Qxf3 16. Bg2 Qf6 17. Qd2 h6 18. Rg3 O-O-O 19. O-O-O a4 20. Qa5 Nb8
21. Rxd8+ Rxd8 22. Qxa4 g5 23. Rf3 Qe5 24. c3 Qxh2 {Normal} 0-1